Ocean is my potion /

Bibliographic Details
Main Author: Mishka (Composer)
Other Authors: Buffett, Jimmy
Format: CD Audio
Language:English
Subjects:

MARC

Tag First Indicator Second Indicator Subfields
LEADER 00000cjm a2200000Ii 4500
001 in00003388198
005 20131001114221.0
007 sd fungnnmmneu
008 130215s2013 cauppnn n eng d
035 |a (OCoLC)ocn828058308 
040 |a BTCTA  |b eng  |e rda  |c BTCTA  |d JBL  |d OCLCQ  |d TXA 
024 7 |a 00698268217539  |2 gtin-14 
024 1 0 |a 698268217539 
028 0 2 |a MBD 2175  |b Mailboat Records, Inc. 
033 0 |b 3934  |c K6 
035 |a (OCoLC)828058308 
082 0 4 |a 782.421646  |2 23 
090 |a M1681.518.M57  |b O34 2013 
049 |a TXAM 
100 0 |a Mishka,  |e composer. 
245 1 0 |a Ocean is my potion /  |c Mishka. 
264 2 |a Los Angeles, CA :  |b Mailboat Records, Inc.,  |c [2013] 
300 |a 1 audio disc :  |b digital, CD audio ;  |c 4 3/4 in. 
336 |a performed music  |b prm  |2 rdacontent 
337 |a audio  |b s  |2 rdamedia 
338 |a audio disc  |b sd  |2 rdacarrier 
340 |b 4 3/4 in. 
344 |a digital  |b optical  |c 1.4 m/s  |2 rda 
347 |a audio file  |b CD audio  |2 rda 
500 |a Title from disc label. 
511 0 |a Performed by Mishka ; with accompanying musicians. 
518 |a Recorded at Shrimp Boat Studio, Key West, Florida. 
505 0 0 |t Ocean is my potion  |r (featuring Jimmy Buffett) --  |t Love you (when I'm close to you) --  |t Rebel soul --  |t Love and roots --  |t When the rain comes down --  |t Constant revolution --  |t Trying to reason with hurricane season  |r (featuring Jimmy Buffett). 
650 0 |a Reggae music. 
650 0 |a Popular music  |y 2011-2020. 
700 1 |a Buffett, Jimmy. 
948 |a cataloged  |b h  |c 2013/9/30  |d c  |e jolivare  |f 3:50:09 pm 
994 |a C0  |b TXA 
999 f f |s ca256fe4-639e-3a47-add7-8fd37ee647ee  |i d02f1eb6-d2f1-380c-8862-ae485272d210  |t 0 
952 f f |p ric  |a Texas A&M University  |b Rellis Campus  |c Joint Library Facility  |d Remote Storage  |t 0  |e M1681.518.M57 O34 2013  |h Library of Congress classification  |i audio -- audio disc  |m A14841587440 
998 f f |a M1681.518.M57 O34 2013  |t 0  |l Remote Storage